Nároky zamestnancov z pracovnoprávnych vzťahov pri platobnej neschopnosti zamestnávateľa a podmienky nároku na dávku garančného poistenia
Obdobie hospodárskej krízy a finančné problémy zamestnávateľov. Neplatenie preddavkov na daň, sociálneho a zdravotného poistenia, meškanie s výplatou miezd. Práva a povinnosti zamestnávateľa podľa Zákonníka práce. Garančné poistenie. Platobná neschopnosť zamestnávateľa. Podmienky nároku na dávku gar...
Gespeichert in:
| 1. Verfasser: | |
|---|---|
| Format: | Buchkapitel |
| Sprache: | Slowakisch |
| Schlagworte: | |
| Tags: |
Keine Tags, Fügen Sie das erste Tag hinzu!
|
MARC
| LEADER | 00000naa$a2200000$$$4500 | ||
|---|---|---|---|
| 001 | 0108275 | ||
| 005 | 20231109100517.6 | ||
| 041 | 0 | |a slo | |
| 044 | |a SK | ||
| 245 | 1 | 0 | |a Nároky zamestnancov z pracovnoprávnych vzťahov pri platobnej neschopnosti zamestnávateľa a podmienky nároku na dávku garančného poistenia |c Jolana Strýčková |
| 520 | |a Obdobie hospodárskej krízy a finančné problémy zamestnávateľov. Neplatenie preddavkov na daň, sociálneho a zdravotného poistenia, meškanie s výplatou miezd. Práva a povinnosti zamestnávateľa podľa Zákonníka práce. Garančné poistenie. Platobná neschopnosť zamestnávateľa. Podmienky nároku na dávku garančného poistenia. Výška dávky garančného poistenia. Povinnosti pri poskytovaní dávky garančného poistenia. Vznik nároku na dávku garančného poistenia a jej výplatu. | ||
| 610 | 2 | 0 | |a právo pracovné |
| 610 | 2 | 0 | |a povinnosti zamestnávateľov |
| 610 | 2 | 0 | |a práva pracovníkov |
| 610 | 2 | 0 | |a insolventnosť |
| 610 | 2 | 0 | |a poistenie garančné |
| 610 | 2 | 0 | |a legislatíva |
| 100 | 1 | |a Strýčková, Jolana | |